000 00468nam a2200145Ia 4500
008 230917s9999||||xx |||||||||||||| ||und||
040 _e174199
_aMAIN
041 _aEnglish
082 _a891.437731 VA215R
100 _aवाजपेय, अनुराग
245 0 _aरेगिस्तान में बाढ उत्सव
260 _aजयपुर
_bविवेक पब्लिशिंग हाऊस
_c1997
300 _a102 p.
942 _cHN
999 _c99227
_d99227